Macroeconomics : a contemporary introduction : study guide /

The art and science of economic analysis. Some tools of economic analysis. The market system. The economic actors. Introduction to macroeconomics. Measuring economic aggregates and thecircular flow of income...

Đã lưu trong:
Bibliografiske detaljer
Hovedforfatter: Swann, Michael J.
Andre forfattere: Lunn, John.
Format: Bog
Sprog:English
Udgivet: South Melbourne : Nelson, 1994.
Fag:
Tags: Tilføj Tag
Ingen Tags, Vær først til at tagge denne postø!
Thư viện lưu trữ: Mạng thư viện Đại học Đà Nẵng
LEADER 01222cam a2200361 i 4500
001 000049165
003 8898
005 20030312083412.0
008 010316|1994 vm 000 eng
020 |a 0170090515 
040 |a IRC  |c IRC  |d IRC 
041 0 |a eng 
082 1 4 |a 339.071194  |b SW-M 
100 1 |a Swann, Michael J. 
245 0 0 |a Macroeconomics :  |b a contemporary introduction : study guide /  |c Michael J. Swann, John Lunn. 
260 |a South Melbourne :  |b Nelson,  |c 1994. 
300 |a xi, 312 p. :  |b ill. ;  |c 24cm. 
520 3 |a The art and science of economic analysis. Some tools of economic analysis. The market system. The economic actors. Introduction to macroeconomics. Measuring economic aggregates and thecircular flow of income... 
630 0 4 |a Australia. 
630 0 4 |a Macroeconomics. 
650 0 4 |a Macroeconomics  |x Study and teaching (Higher)  |z Australia. 
650 0 4 |a Australia  |b Economic conditions  |x Study and teaching (Higher) 
700 1 |a Lunn, John. 
OWN |a DUT 
999 |a From the UDN01 
TYP |a Monograph 
TYP |a Printed language 
980 |a Mạng thư viện Đại học Đà Nẵng